| 000 | 00000nam 2200000za 4500 |
| 001 | 9.677412 |
| 003 | CaOODSP |
| 005 | 20221107134422 |
| 007 | cr ||||||||||| |
| 008 | 150407s2015 onc|||||o f|0| 0 fre d |
| 020 | |a978-1-660-23083-2 |
| 040 | |aCaOODSP|bfre |
| 043 | |an-cn--- |
| 086 | 1 |aP103-8/3-2015F-PDF |
| 110 | 1 |aCanada. |bTravaux publics et services gouvernementaux Canada. |
| 245 | 10|aNormes pour la recherche sur l'opinion publique effectuée par le gouvernement du Canada |h[ressource électronique] : |brecherche qualitative / |cpréparé par Travaux publics et Services gouvernementaux Canada. |
| 260 | |a[Ottawa] : |bTravaux publics et Services gouvernementaux Canada, |c2015. |
| 300 | |a54 p. |
| 500 | |aPublié aussi en anglais sous le titre : Standards for the conduct of Government of Canada public opinion research - qualitative research. |
| 691 | 07|aOpinion publique|2gcpds |
| 775 | 08|tStandards for the conduct of Government of Canada public opinion research |w(CaOODSP)9.629819 |
| 856 | 40|qPDF|s1.19 Mo|uhttps://publications.gc.ca/collections/collection_2015/tpsgc-pwgsc/P103-8-3-2015-fra.pdf |